000 01793nam a2200253 a 4500
001 BRCA_8954
005 20190320210454.0
008 050717s1790----sp-#######---#000-0#spa-#
041 _aspa
044 _asp
084 _aBE158
_b.P37 1790
245 1 0 _aPastoral de nuestro santísimo padre Benedicto XIV
_bde gloriosa memoria, siendo Cardenal Arzobispo de la Santa Iglesia de Bolonia ; e instrucciones eclesiásticas para su diócesi
_ctraducidas del toscano por el Fr. Juan Facundo Raulin.
260 _aMadrid
_bEn la Imprenta Real
_c1790
300 _a[38], 384 p. (t.1, 6a impresión)
_c21.7 x 15 cm
500 _aEstado físico: presenta encuadernación en pergamino
500 _aCon marca de fuego: “Procedencia de la marca: Convento de San Francisco Santa María del Pueblito de Querétaro (1). Institución: Orden de Frailes Menores. Provincia de San Pedro y San Pablo de Michoacán. Descripción: Monograma conformado por las iniciales “P”, “u”, “E” seguidas de “b”, “I”, “T” y “o” que se desata como Pueblito (2) dentro de un filete en forma de rombo. Observaciones: Krausse la incluye entre las marcas no identificadas. David Saavedra la identifica como del Convento Franciscano de Santa María del Pueblito, Villa Corregidora de Querétaro. Ubicación de la marca en el libro: Canto superior, canto inferior y canto lateral”
600 1 4 _aBenedicto XIV
_cPapa
_d1675-1758
_922252
650 1 4 _aIglesia católica
_xDisciplina
_9463
651 4 _aBolonia (Arquidiócesis)
_922253
700 1 _aFacundo Raulin, Juan
_etr.
_922254
856 _ahttp://www.marcasdefuego.buap.mx:8180/xmLibris/projects/firebrand/item.jsp?repository=marcas_de_fuego&key=marcas_de_fuego_franciscanas_20150525130455_95ba.xml&num=122
902 _aCFM
942 _2lcc
_cB
999 _c8605
_d8605